|
|
|
|
| LEADER |
00000nam a2200000 a 4500 |
| 001 |
UCO1995 |
| 003 |
CL-VaPUC |
| 005 |
20231215105921.0 |
| 008 |
000602e19450000CL |||||||||||||||||spa|d |
| 999 |
|
|
|c 288541
|d 288539
|
| 040 |
|
|
|c Pontificia Universidad Católica de Valparaíso
|
| 082 |
0 |
4 |
|a 983.02 EYZ 1945
|2 21
|
| 100 |
|
|
|a Eyzaguirre Gutiérrez, Jaime
|e autor
|9 584583
|
| 245 |
1 |
0 |
|a Ventura de Pedro de Valdivia
|
| 260 |
|
|
|a Santiago, Chile
|b Ercilla
|c 1945
|
| 300 |
|
|
|a 198 páginas
|
| 583 |
|
|
|a last modification
|c 20000602 00:00:00
|k Rodrigo Vera
|
| 600 |
0 |
7 |
|a VALDIVIA, PEDRO DE
|2 CL-VaPUC
|9 317024
|
| 650 |
|
0 |
|a Historia de Chile
|9 265473
|
| 650 |
|
0 |
|a Conquista
|z CHILE
|9 339504
|
| 852 |
|
|
|a BIBCUR
|
| 942 |
|
|
|c BK
|2 ddc
|
| 945 |
|
|
|d 20000602 00:00:00
|a crobeson
|
| 952 |
|
|
|0 0
|1 0
|2 ddc
|4 0
|6 983_020000000000000_EYZ_1945
|7 0
|8 X
|9 336279
|a BIBHIS
|b BIBHIS
|d 2019-11-20
|i 1277162
|o 983.02 EYZ 1945
|p 1277162
|r 2024-01-30
|t 1
|w 2019-11-20
|y BK_X
|k HIS
|